| 000 | 00777nam a2200253Ia 4500 | ||
|---|---|---|---|
| 003 | OSt | ||
| 005 | 20220925212540.0 | ||
| 006 | a|||||r|||| 00| 0 | ||
| 007 | ta | ||
| 008 | 220923b |||||||| |||| 00| 0 eng d | ||
| 037 | _cGeneral Book | ||
| 040 |
_aRTL _cRTL _beng |
||
| 041 |
_2eng _aeng |
||
| 082 | _aY9(X9:8).3.N6, K9 | ||
| 100 |
_aNichols Theo _9276964 |
||
| 245 | 0 |
_aOwnership control and ideology _b An enquiry into ce |
|
| 260 |
_aLondon _bAllen and Unwin _c1969 |
||
| 300 |
_a272p _ccm. |
||
| 490 | _aStudies in Management. ed by Andrew Robbertson; 8 | ||
| 500 | _aBibliography: P 256-64; Appendix: P 247-55 | ||
| 650 | _aIndustrial Sociology | ||
| 942 |
_hY9(X9:8).3.N6, K9 _cGB _2CC |
||
| 999 |
_c560604 _d560604 |
||